000 00285nam a22001337a 4500
008 170630b xxu||||| |||| 00| 0 eng d
020 _a0393096580
041 _aeng
080 _23RD
_a82
100 _a22
101 _aGJL
245 _aWORLD MASTERPIECES
_cMACK,M
942 _2udc
_cBK
999 _c19726
_d19726